Design and construction of concrete roads / (Record no. 547698)
[ view plain ]
| 000 -LEADER | |
|---|---|
| fixed length control field | 00891cam a22002291i 4500 |
| 082 ## - DEWEY DECIMAL CLASSIFICATION NUMBER | |
| Classification number | 625.84 |
| Author Mark | SMI |
| -- | L-15, P-3. |
| 100 1# - MAIN ENTRY--PERSONAL NAME | |
| Personal name | Smith, Richard Albert Belcham. [from old catalog] |
| 9 (RLIN) | 43844 |
| 245 10 - TITLE STATEMENT | |
| Title | Design and construction of concrete roads / |
| Statement of responsibility, etc. | by R.A.B. Smith and T.R. Grigson. |
| 250 ## - EDITION STATEMENT | |
| Edition statement | 2nd ed. |
| 260 ## - PUBLICATION, DISTRIBUTION, ETC. | |
| Place of publication, distribution, etc. | Westminster [London] : |
| Name of publisher, distributor, etc. | Concrete Publications Ltd., |
| Date of publication, distribution, etc. | [1946]. |
| 300 ## - PHYSICAL DESCRIPTION | |
| Extent | viii, 208 p. : |
| Other physical details | front., ill, diagrs. ; |
| Dimensions | 25 cm. |
| 490 0# - SERIES STATEMENT | |
| Series statement | Concrete series |
| 500 ## - GENERAL NOTE | |
| General note | "First edition ... 1934. Second (rewritten) edition 1946." |
| 500 ## - GENERAL NOTE | |
| General note | Pages 163-208, advertising matter. |
| 526 ## - STUDY PROGRAM INFORMATION NOTE | |
| Program name | 0 |
| Interest level | 0 |
| Reading level | 0 |
| Title point value | 625_840000000000000_SMI |
| 526 ## - STUDY PROGRAM INFORMATION NOTE | |
| Program name | 0 |
| Interest level | 0 |
| Reading level | 0 |
| Title point value | 625_840000000000000_SMI |
| 526 ## - STUDY PROGRAM INFORMATION NOTE | |
| Program name | 0 |
| Interest level | 0 |
| Reading level | 0 |
| Title point value | 625_840000000000000_SMI |
| 650 #0 - SUBJECT ADDED ENTRY--TOPICAL TERM | |
| Topical term or geographic name entry element | MCE |
| 9 (RLIN) | 379 |
| 650 #0 - SUBJECT ADDED ENTRY--TOPICAL TERM | |
| Topical term or geographic name entry element | Roads, Concrete. |
| 9 (RLIN) | 43845 |
| 700 1# - ADDED ENTRY--PERSONAL NAME | |
| Personal name | Grigson, Thomas Reginald, [from old catalog] |
| 9 (RLIN) | 43846 |
| 942 ## - ADDED ENTRY ELEMENTS (KOHA) | |
| Source of classification or shelving scheme | |
| Koha item type | Book |
| Withdrawn status | Lost status | Source of classification or shelving scheme | Damaged status | Not for loan | Permanent Location | Current Location | Date acquired | Total Checkouts | Full call number | Barcode | Date last seen | Price effective from | Koha item type |
|---|---|---|---|---|---|---|---|---|---|---|---|---|---|
| Military College of Engineering (MCE) | Military College of Engineering (MCE) | 08/05/2014 | 625.84 SMI | MCE-29409 | 08/05/2014 | 08/05/2014 | Book | ||||||
| Military College of Engineering (MCE) | Military College of Engineering (MCE) | 08/05/2014 | 625.84 SMI | MCE-40057 | 08/05/2014 | 08/05/2014 | Book | ||||||
| Military College of Engineering (MCE) | Military College of Engineering (MCE) | 08/05/2014 | 625.84 SMI | MCE-40096 | 08/05/2014 | 08/05/2014 | Book |
